Libro de visitas de Santo Toribio Mogrovejo (1593-1605)

Wedi'i Gadw mewn:
Manylion Llyfryddiaeth
Prif Awdur: Benito Rodríguez, José Antonio (introducción, transcripción y notas)
Fformat: Llyfr
Iaith:Saesneg
Cyhoeddwyd: Lima, Perú: Fondo Editorial Pontificia Universidad Católica del Perú. 2006
Rhifyn:Primera edición
Cyfres:Colección Clásicos Peruanos
Pynciau:
Tagiau: Ychwanegu Tag
Dim Tagiau, Byddwch y cyntaf i dagio'r cofnod hwn!

MARC

LEADER 00000nam a22000007a 4500
003 CL-VaPUC
005 20220613082806.0
008 220418b2006 ||||| |||| 00| 0 eng d
999 |c 435411  |d 435409 
020 |a 9972-42-760-9 
040 |c Pontificia Universidad Católica de Valparaíso 
082 7 |a 262.12 BEN 2006  |2 22 
100 |a Benito Rodríguez, José Antonio  |9 611753  |e introducción, transcripción y notas 
245 |a Libro de visitas de Santo Toribio Mogrovejo (1593-1605) 
250 |a Primera edición 
260 |a Lima, Perú:  |b Fondo Editorial Pontificia Universidad Católica del Perú.  |c 2006 
300 |a 446 páginas; ilustraciones 
490 |a Colección Clásicos Peruanos 
500 |a C.1 Donación Carlos Salinas Araneda. Memo 001. 05/01/2022 
505 |a IV Centenario de Santo Toribio Mogrovejo 
583 |c 20220418  |k Catalogador Asistente 
600 |a Mogrovejo y Robledo, Toribio Alfonso de  |d 1538-1606  |9 870226 
650 |a Visitas pastorales   |z Perú  |y Siglo 16   |x Fuentes  |9 870227 
942 |2 ddc  |c BK 
952 |0 0  |1 0  |2 ddc  |4 0  |6 262_120000000000000_BEN_2006  |7 0  |8 DER_HIS  |9 582612  |a BIBDER  |b BIBDER  |d 2022-04-18  |e Donación  |i 5650773  |l 1  |m 5  |o 262.12 BEN 2006  |p 5650773  |q 2025-12-31  |r 2023-01-25  |s 2022-06-14  |t 1  |w 2022-04-18  |x Ubicación 4to Piso  |y BK  |z Estos recursos deben solicitarse con anticipación  |k DER